Normal view
MARC view
- Archaeologists.
Entry Topical Term
001 - CONTROL NUMBER
- control field: 35355
003 - CONTROL NUMBER IDENTIFIER
- control field: OSt
005 - DATE AND TIME OF LATEST TRANSACTION
- control field: 20110825092851.0
008 - FIXED-LENGTH DATA ELEMENTS
- fixed length control field: 110825|||a|||||| | ||| d
040 ## - CATALOGING SOURCE
- Original cataloging agency: OSt
- Transcribing agency: OSt
150 ## - HEADING--TOPICAL TERM
- Topical term or geographic name as entry element: Archaeologists.
670 ## - SOURCE DATA FOUND
- Source citation: Work cat.: (OSt)0: Caselli, Giovanni, 1939- 35349, In search of Troy :, 1999.
670 ## - SOURCE DATA FOUND
- Source citation: Work cat.: (OSt)0: Caselli, Giovanni, 1939- 35349, In search of Troy :, 1999.